| 000 | 00571nam a22002057a 4500 | ||
|---|---|---|---|
| 005 | 20260515115117.0 | ||
| 008 | 250915b |||||||| |||| 00| 0 eng d | ||
| 020 | _a9788198983404 | ||
| 040 |
_aIN-DiNC _cIN-DiNC |
||
| 041 | _deng | ||
| 082 |
_a880 _bNEO |
||
| 100 |
_aNeog, Biswajit _eauthor |
||
| 245 |
_a European classical literature (Major10)/ _cby Biswajit Neog and Kakoli Kashyap |
||
| 250 | _a1st ed. | ||
| 260 |
_aJorhat: _bBidya bhawan, _c2025. |
||
| 300 | _a264p. | ||
| 650 | _aEuropean literature | ||
| 700 |
_aKashyap, Kakoli _eauthor |
||
| 942 |
_2ddc _cBK |
||
| 999 |
_c12247 _d12247 |
||